000 00479nam a2200157 4500
001 3764
005 20181127171931.0
010 0 0 _a
020 0 0 _a044639001
090 0 0 _a378.1664 G78811p 1996
245 0 0 _aGRE :
_bpracticing to take the general test /
_cGraduate Record Examinations Board.
_h
260 0 0 _aPrinceton, NJ :
_bGraduate Record Examinations Board,
_c1996.
300 0 0 _a1086 p. : ill. ; 26 cm.
500 0 0 _a
650 0 0 _a Graduate Record Examination --Study guides.
_x
999 _c3078
_d3078